Statistiques concernant Les Boulots de Youchmine

Cliquez ici pour prendre le quiz!

Statistiques générales

  • Ce quiz a été pris 20 fois
    (6 depuis la dernière actualisation)
  • Le résultat moyen est 4 sur 37

Statistiques - réponses

AnnéePrénomNote
sur 10
% Correct
2021Nathan10
60%
2018Baptiste8
40%
2022Jean Paul6
40%
2019Martin4
40%
2018Paul5
40%
2022Yannick4
40%
2023Yannick
40%
2023Adrien
20%
2019Adrien10
20%
2023Brieuc
20%
2019Charles9
20%
2016Lucas5
20%
2019Mathis10
20%
2018Vincent5
20%
2016Ahmad5
0%
2018Alexis7
0%
2016Amaury6
0%
2022Antonin10
0%
2022Charbel4
0%
2021Francois7
0%
2023Gaspard7
0%
2016Georges9
0%
2022Jacob8
0%
2019Jad4
0%
2022Jad2
0%
2021Jauffrey7
0%
2014Joseph1
0%
2021Joseph5
0%
2021Julien5
0%
2022Karim7
0%
2022Leonard9
0%
2023Michel7
0%
2021Miguel8
0%
2017Omar8
0%
2021Pol2
0%
2023Steeven10
0%
2023Victor6
0%

Distribution des résultats

Percentile par nombre de réponses

% des personnes avec chaque résultat

Votre développement - résultats

Vous n’avez pas pris ce quiz depuis la dernière actualisation